Primer informe del estado de la libertad de expresión en Costa Rica/

El informe realiza un análisis de una serie de temas que marcan el debate en los últimos años en Costa Rica, es decir, del estado actual de la normativa sobre libertad de expresión y acceso a la información pública, la necesidad de un nuevo marco regulatorio sobre servicios de radiodifusión sonora y...

Ausführliche Beschreibung

Gespeichert in:
Bibliographische Detailangaben
Weitere Verfasser: Aguilar, Grettel, Boza, Guiselle, Garro, Lidieth, Rodríguez, Johanna, Solís Solís, Lilliana
Format: Buch
Sprache:Spanish
Veröffentlicht: [San José, Costa Rica]: Universidad de Costa Rica. PROLEDI; CICOM, 2018
Schlagworte:
Online Zugang:http://proledi.ucr.ac.cr/wp-content/uploads/2018/08/I-Informe-del-Estado-de-la-Libertad-de-Expresi%C3%B3n-en-CR.pdf
Tags: Tag hinzufügen
Keine Tags, Fügen Sie den ersten Tag hinzu!

MARC

LEADER 00000nam a22000007a 4500
003 cru CIDCACS/IIS
005 20230626090550.0
007 ta
008 220503s2018 cr |||||r|||| 0|| ||spa d
020 |a 9789930963708 
040 |c cru IIS 
090 |a 04.02.02 U58i I-2018 
245 |a Primer informe del estado de la libertad de expresión en Costa Rica/  |c Grettel Aguilar, Guiselle Boza, Lidieth Garro, Johanna Rodríuez, et.al. (editoras). 
260 |a [San José, Costa Rica]:  |b Universidad de Costa Rica. PROLEDI;  |b CICOM,  |c 2018 
300 |a 254 páginas:  |b tablas, gráficos 
500 |a Colección Centroamérica 
520 3 |a El informe realiza un análisis de una serie de temas que marcan el debate en los últimos años en Costa Rica, es decir, del estado actual de la normativa sobre libertad de expresión y acceso a la información pública, la necesidad de un nuevo marco regulatorio sobre servicios de radiodifusión sonora y televisiva, propuestas de regulación de los derechos comunicativos, desafíos de la libertad de expresión en internet, estado de la concentración mediática y la situación de la publicidad en Costa Rica. FGO 10/10/2022 
650 0 0 |0 TESAUROS  |2 UNESCO  |9 10757  |a LIBERTAD DE EXPRESION 
650 0 0 |0 TESAUROS  |2 UNESCO  |9 10759  |a DERECHO A LA INFORMACION 
650 0 0 |0 TESAUROS  |2 UNESCO  |9 10760  |a CONTROL DE LOS MEDIOS DE COMUNICACION 
650 0 0 |0 TESAUROS  |2 UNESCO  |9 488  |a ACCESO A LA INFORMACION 
651 0 |2 TESAURO UNESCO  |9 32  |a COSTA RICA 
700 1 |9 10554  |a Aguilar, Grettel 
700 1 |9 10555  |a Boza, Guiselle 
700 1 |9 10557  |a Garro, Lidieth 
700 1 |9 10556  |a Rodríguez, Johanna 
700 1 |a Solís Solís, Lilliana  |9 10558 
856 4 |u http://proledi.ucr.ac.cr/wp-content/uploads/2018/08/I-Informe-del-Estado-de-la-Libertad-de-Expresi%C3%B3n-en-CR.pdf 
942 |2 ddc  |c LI 
999 |c 44211  |d 44211